000 00843nam a2200265Ia 4500
003 GCL
008 140319s9999 xx 000 0 ara d
040 _aGCL /
_cGCL
082 0 4 _aق
_b932.05
_bا م
100 1 _aتحفة احمد حندوسة
245 1 0 _aمصر وبلاد النوبة /
_cتحفة احمد حندوسة
700 1 _aعبدالمنعم ابوبكر
700 1 _aامرى ، والتر . ب
260 _a[S.N] :
_bالهيئة المصرية العامة للتأليف والنشر ،
_c1970
300 _a263 ص
490 _a
650 0 4 _aالعصر الحديث
650 0 4 _aتاريخ
650 0 4 _aمصر القديمة
650 0 4 _aالنوبة
650 0 4 _aالدولة الوسطى
650 0 4 _aالدولة الحديثة
650 0 4 _aخريطة جزيرة فيلة
942 _2ddc
_cBK
999 _c36481
_d36481